A Seleção Brasileira da Copa do Mundo de 1998 - Statistics

Estatísticas Gerais
  • Esse quiz foi jogado 266 vezes
  • A pontuação média é 15 de 23
Estatísticas das Respostas
Brasil 1998 - Jogadores e Técnico % Correto
Ronaldo
99%
Taffarel
97%
Cafu
95%
Bebeto
92%
Roberto Carlos
92%
Rivaldo
86%
Dunga
84%
Dida
81%
Edmundo
80%
Zagallo
75%
Aldair
70%
Júnior Baiano
66%
César Sampaio
62%
Leonardo
61%
Denílson
55%
Carlos Germano
53%
Émerson
53%
Zé Roberto
46%
Zé Carlos
41%
Giovanni
40%
Doriva
35%
Gonçalves
33%
André Cruz
29%
Nenhum quiz correspondente encontrado
Distribuição das Pontuações
Porcentagem de Pessoas com Cada Pontuação
Percentil de Números Respondidos
Sua Pontuação Histórica
Você não jogou esse quiz